000 00634nam a2200229Ia 4500
003 OSt
005 20220928123958.0
006 a|||||r|||| 00| 0
007 ta
008 220927b |||||||| |||| 00| 0 eng d
024 _a145237
037 _cTextual
040 _aSDCL
_cSDCL
_beng
041 _2eng
_aeng
082 _aNW, P8 ILLL
100 _aGrant Barry Keith Ed.
_9462920
245 0 _aAuteurs and authorship
_b A film reader.
260 _aOxford
_bBlackwell Publishing
_c2008
300 _axv,322p.
_ccm.
942 _hNW, P8 ILLL
_cTEXL
_2CC
999 _c775877
_d775877